000 00663nam a2200229Ia 4500
003 OSt
005 20220925191331.0
006 a|||||r|||| 00| 0
007 ta
008 220923b |||||||| |||| 00| 0 eng d
037 _cGeneral Book
040 _aRTL
_cRTL
_beng
041 _2eng
_aeng
082 _aX62.2.N89 - 88r, M9/GD
110 _aIndian's Bank's Association.
_9241618
245 0 _aReport for 1 Jan 1988 to 31st March 1989.
260 _aBombay
_bIBA
_c1989
300 _a78p.
_ccm.
700 _aIndian's Bank's Association.
_9241619
942 _hX62.2.N89 - 88r, M9/GD
_cGB
_2CC
999 _c518058
_d518058